| 000 | 00845cam a2200181 4500 | ||
|---|---|---|---|
| 082 |
_a940.4 _bHIS |
||
| 100 | 1 |
_aEdmonds, James E. _949780 |
|
| 245 | 1 | 0 |
_aMilitary operations, France and Belgium, 1918 ... _ccompiled by Brigadier-General Sir James E. Edmonds ... maps and sketches compiled by Major A. F. Becke ... |
| 260 |
_aLondon, _bMacmillan and Co., limited, _c1935- |
||
| 300 |
_av. _bfront., maps. _c23 cm. _aand atlas. v. |
||
| 490 | 1 | _aHistory of the Great War based on official documents by direction of the Historical Section of the Committee of Imperial Defence | |
| 500 | _aAtlas in portfolio. | ||
| 500 | _aMaps on lining papers of v. 1. | ||
| 500 | _aOn cover: Official history of the war. | ||
| 526 |
_a0 _b0 _c0 _d940_400000000000000_HIS |
||
| 650 | 0 |
_aWorld War, 1914-1918 _xCampaigns _zWestern Front. _949302 |
|
| 942 |
_2ddc _cBK |
||
| 999 |
_c552544 _d552544 |
||